Łódź: przystanki na linii 7 - Statystyki

Ogólne statystyki
  • Ten quiz został rozwiązany 16 razy
    7 od ostatniego zresetowania
  • Średni wynik to 27 z 32
Statystyki odpowiedzi
Ulica Przystanek % Poprawnych
Kościuszki - 6 Sierpnia
100%
Cmentarna - Cmentarz Ogrodowa
100%
Piotrkowska - Czerwona
100%
Legionów - Gdańska
100%
Cmentarna - Legionów
100%
Przybyszewskiego - Lodowa
100%
Piotrkowska Centrum
100%
Piotrkowska - Plac Katedralny
100%
Plac Reymonta
100%
Legionów - / Zachodnia - Zachodnia/Legionów
100%
Kościuszki - Zamenhofa
100%
Piotrkowska - Żwirki
100%
Piotrkowska - Brzeźna
83%
Przybyszewskiego - Dworzec Łódź Zarzew
83%
Rokicińska - Gogola
83%
Przybyszewskiego - Kilińskiego
83%
Zachodnia - Próchnika
83%
Puszkina - Rondo Inwalidów
83%
Rokicińska - Rondo Inwalidów
83%
Przybyszewskiego - Rondo Sybiraków
83%
Puszkina - Rondo Sybiraków
83%
Przybyszewskiego - Śmigłego-Rydza
83%
Kościuszki - Struga
83%
Przybyszewskiego - Tatrzańska
83%
Widzew Augustów
83%
Zachodnia - Więckowskiego
83%
Puszkina - Chmielowskiego
67%
Rokicińska - Lermontowa
67%
Przybyszewskiego - Nurta-Kaszyńskiego
67%
Przybyszewskiego - Zapadła
67%
Przybyszewskiego - Łęczycka
50%
Przybyszewskiego - Brzozowa
33%
Nie znaleziono quizów pasujących do podanych kryteriów
Rozkład punktacji
Procent ludzi z każdym wynikiem
Percentyl według liczby udzielonych odpowiedzi
Twoja historia wyników
Nie rozwiązałeś tego quizu od ostatniego zresetowania